38_愛媛県の市町村(ひらがな対応・五十音順) - Statistics

General Stats
  • This quiz has been taken 25 times
  • The average score is 18 of 20
Answer Stats
種類 市町村名 % Correct
今治市
100%
伊予市
100%
宇和島市
100%
四国中央市
100%
東温市
100%
新居浜市
100%
松山市
100%
愛南町
94%
伊方町
94%
久万高原町
94%
西条市
94%
西予市
94%
八幡浜市
94%
大洲市
89%
内子町
83%
上島町
83%
松前町
83%
鬼北町
78%
松野町
72%
砥部町
67%
No matching quizzes found
Score Distribution
Percent of People with Each Score
Percentile by Number Answered
Your Score History
You have not taken this quiz